Logos by their Letter #1 - Statistics

General Stats
  • This quiz has been taken 31 times
  • The average score is 15 of 26
Answer Stats
Picture Answer % Correct
Adobe
96%
BBC
96%
Honda
93%
Xbox
85%
Yahoo!
81%
Cartoon Network
78%
The New York Times
78%
Little Caesars
74%
Rockstar
70%
Enterprise
59%
People
59%
Wii
59%
Fandango
56%
Geico
56%
Seat
56%
DQ
44%
Ihop
44%
Ugg
44%
Venmo
41%
jetBlue
37%
Netscape
37%
Kahoot
33%
Maybach
33%
Oppo
33%
QVC
30%
Zelle
30%
No matching quizzes found
Score Distribution
Percent of People with Each Score
Percentile by Number Answered
Your Score History
You have not taken this quiz